000
00311nam a22001337a 4500
020
_a
81-7966-221-7
082
_a
425
_b
PIL/S
100
_a
PILLAI,RADHAKRISHNA G.
245
_a
STRENGTHEN YOUR VOCABULARY
260
_a
CHENNAI
_b
EMERALD PUBLISHERS
300
_a
156
650
_a
VOCABULARY
_z
CHENNAI
942
_c
BK
999
_c
4151
_d
4151